|
|
|
|
| LEADER |
00000nab a2200000 a 4500 |
| 001 |
vtls000589379 |
| 003 |
SK-MaSNL |
| 005 |
20260304013248.0 |
| 008 |
220422c1993 xo 0 slo |
| 015 |
|
|
|a SNBRB19rr/mm-uuuuu
|
| 035 |
|
|
|a CL0589518
|
| 040 |
|
|
|a SNKBUCL
|b slo
|c SNKBUCL
|e AACR2
|
| 041 |
0 |
|
|a slo
|
| 044 |
|
|
|a xo
|c SK
|
| 080 |
|
|
|a 615.01
|2 1981
|
| 245 |
0 |
0 |
|a Acidobázické titrácie v nevodnom prostredí vo farmaceutickej analytike 2
|b Acidimetria 1 ; Aut. Ž. Bezáková, M. Bachratá, M. Blešová, J. Šubert
|
| 300 |
|
|
|b Tab. 8, res. angl., lit. 268 zázn. v rôz. jaz.
|
| 650 |
0 |
7 |
|a neutralizačná titrácia
|2 snkbucl
|9 249295
|
| 650 |
0 |
7 |
|a prostredie nevodné
|2 snkbucl
|9 1294012
|
| 650 |
0 |
7 |
|a analytika farmaceutická
|2 snkbucl
|9 1294013
|
| 650 |
0 |
7 |
|a acidimetria
|2 snkbucl
|9 50212
|
| 655 |
|
7 |
|a články z novín a časopisov
|2 snkbucl
|9 267496
|
| 700 |
1 |
|
|a Bezáková, Ž.
|4 aut
|9 940051
|
| 700 |
1 |
|
|a Bachratá, M.
|4 aut
|9 308139
|
| 700 |
1 |
|
|a Blešová, Marie
|4 aut
|9 6932
|
| 700 |
1 |
|
|a Šubert, Jan,
|d 1942-
|4 aut
|9 7018
|
| 773 |
0 |
|
|t Česko-slovenská farmacie
|g Roč. 42, č. 1 (1993), s. 7-27
|x 0009-0530
|
| 850 |
|
|
|a Slovenská národná knižnica v Martine
|a MTA001
|
| 852 |
|
|
|a SNK
|b KIS3GCP
|
| 958 |
|
|
|a NB
|
| 958 |
|
|
|a RK
|
| 958 |
|
|
|a ME
|
| 992 |
|
|
|a RBX
|
| 999 |
|
|
|c 2575112
|d 2577042
|